<?xml version="1.0" encoding="UTF-8"?>
<record
    xmlns:xsi="http://www.w3.org/2001/XMLSchema-instance"
    xsi:schemaLocation="http://www.loc.gov/MARC21/slim http://www.loc.gov/standards/marcxml/schema/MARC21slim.xsd"
    xmlns="http://www.loc.gov/MARC21/slim">

  <leader>00667nam a2200217Ia 4500</leader>
  <datafield tag="999" ind1=" " ind2=" ">
    <subfield code="c">7139</subfield>
    <subfield code="d">7139</subfield>
  </datafield>
  <controlfield tag="003">GBCCL</controlfield>
  <controlfield tag="005">20241126110620.0</controlfield>
  <controlfield tag="008">180711b           ||||| |||| 00| 0 eng d</controlfield>
  <datafield tag="020" ind1=" " ind2=" ">
    <subfield code="a">0830725083</subfield>
  </datafield>
  <datafield tag="040" ind1=" " ind2=" ">
    <subfield code="c">GBC</subfield>
  </datafield>
  <datafield tag="082" ind1=" " ind2=" ">
    <subfield code="a">268.432</subfield>
    <subfield code="b">PUL</subfield>
  </datafield>
  <datafield tag="100" ind1=" " ind2=" ">
    <subfield code="a">Powell, Kara Eckmann</subfield>
    <subfield code="9">11292</subfield>
  </datafield>
  <datafield tag="245" ind1=" " ind2=" ">
    <subfield code="a">Life At School/</subfield>
    <subfield code="c">Kara Eckmann Powell</subfield>
  </datafield>
  <datafield tag="260" ind1=" " ind2=" ">
    <subfield code="a">USA:</subfield>
    <subfield code="b">Gospel Light,</subfield>
    <subfield code="c">2000.</subfield>
  </datafield>
  <datafield tag="300" ind1=" " ind2=" ">
    <subfield code="a">94 p.;</subfield>
    <subfield code="b">ill.,</subfield>
    <subfield code="c">28 cm.</subfield>
  </datafield>
  <datafield tag="440" ind1=" " ind2=" ">
    <subfield code="a">Pulse</subfield>
    <subfield code="v">7</subfield>
    <subfield code="9">11293</subfield>
  </datafield>
  <datafield tag="490" ind1=" " ind2=" ">
    <subfield code="a">God's word for a jr. high world</subfield>
  </datafield>
  <datafield tag="490" ind1=" " ind2=" ">
    <subfield code="a">Life Issues Track</subfield>
  </datafield>
  <datafield tag="650" ind1=" " ind2=" ">
    <subfield code="2">Christian education of teenagers</subfield>
    <subfield code="a">Christian education - curricula</subfield>
    <subfield code="v">Spiritual life - Christianit</subfield>
    <subfield code="9">12622</subfield>
  </datafield>
  <datafield tag="942" ind1=" " ind2=" ">
    <subfield code="2">ddc</subfield>
    <subfield code="c">BK</subfield>
    <subfield code="0">1</subfield>
  </datafield>
  <datafield tag="952" ind1=" " ind2=" ">
    <subfield code="0">0</subfield>
    <subfield code="1">0</subfield>
    <subfield code="2">ddc</subfield>
    <subfield code="4">0</subfield>
    <subfield code="7">0</subfield>
    <subfield code="a">GBC</subfield>
    <subfield code="b">GBC</subfield>
    <subfield code="c">MNMS</subfield>
    <subfield code="d">2018-07-11</subfield>
    <subfield code="l">0</subfield>
    <subfield code="o">268.432 PUL</subfield>
    <subfield code="p">012962</subfield>
    <subfield code="r">2018-07-11 00:00:00</subfield>
    <subfield code="t">v.7 c.1</subfield>
    <subfield code="w">2018-07-11</subfield>
    <subfield code="y">BK</subfield>
  </datafield>
  <datafield tag="952" ind1=" " ind2=" ">
    <subfield code="0">0</subfield>
    <subfield code="1">0</subfield>
    <subfield code="2">ddc</subfield>
    <subfield code="4">0</subfield>
    <subfield code="7">0</subfield>
    <subfield code="a">GBC</subfield>
    <subfield code="b">GBC</subfield>
    <subfield code="c">MNMS</subfield>
    <subfield code="d">2018-07-16</subfield>
    <subfield code="l">0</subfield>
    <subfield code="o">268.432 PUL</subfield>
    <subfield code="p">013371</subfield>
    <subfield code="r">2025-05-01 00:00:00</subfield>
    <subfield code="t">v.7 c.2</subfield>
    <subfield code="w">2018-07-16</subfield>
    <subfield code="y">BK</subfield>
  </datafield>
  <datafield tag="952" ind1=" " ind2=" ">
    <subfield code="0">0</subfield>
    <subfield code="1">0</subfield>
    <subfield code="2">ddc</subfield>
    <subfield code="4">0</subfield>
    <subfield code="7">0</subfield>
    <subfield code="a">GBC</subfield>
    <subfield code="b">GBC</subfield>
    <subfield code="c">MNMS</subfield>
    <subfield code="d">2018-07-16</subfield>
    <subfield code="l">0</subfield>
    <subfield code="o">268.432 PUL</subfield>
    <subfield code="p">013372</subfield>
    <subfield code="r">2025-05-01 00:00:00</subfield>
    <subfield code="t">v.7 c.3</subfield>
    <subfield code="w">2018-07-16</subfield>
    <subfield code="y">BK</subfield>
  </datafield>
  <datafield tag="952" ind1=" " ind2=" ">
    <subfield code="0">0</subfield>
    <subfield code="1">0</subfield>
    <subfield code="2">ddc</subfield>
    <subfield code="4">0</subfield>
    <subfield code="7">0</subfield>
    <subfield code="a">GBC</subfield>
    <subfield code="b">GBC</subfield>
    <subfield code="c">MNMS</subfield>
    <subfield code="d">2018-07-16</subfield>
    <subfield code="l">0</subfield>
    <subfield code="o">268.432 PUL</subfield>
    <subfield code="p">013373</subfield>
    <subfield code="r">2025-05-01 00:00:00</subfield>
    <subfield code="t">v.7 c.4</subfield>
    <subfield code="w">2018-07-16</subfield>
    <subfield code="y">BK</subfield>
  </datafield>
  <datafield tag="952" ind1=" " ind2=" ">
    <subfield code="0">0</subfield>
    <subfield code="1">0</subfield>
    <subfield code="2">ddc</subfield>
    <subfield code="4">0</subfield>
    <subfield code="7">0</subfield>
    <subfield code="a">GBC</subfield>
    <subfield code="b">GBC</subfield>
    <subfield code="c">MNMS</subfield>
    <subfield code="d">2018-07-16</subfield>
    <subfield code="l">0</subfield>
    <subfield code="o">268.432 PUL</subfield>
    <subfield code="p">013374</subfield>
    <subfield code="r">2025-05-01 00:00:00</subfield>
    <subfield code="t">v.7 c.5</subfield>
    <subfield code="w">2018-07-16</subfield>
    <subfield code="y">BK</subfield>
  </datafield>
  <datafield tag="952" ind1=" " ind2=" ">
    <subfield code="0">0</subfield>
    <subfield code="1">0</subfield>
    <subfield code="2">ddc</subfield>
    <subfield code="4">0</subfield>
    <subfield code="7">0</subfield>
    <subfield code="a">GBC</subfield>
    <subfield code="b">GBC</subfield>
    <subfield code="c">MNMS</subfield>
    <subfield code="d">2018-07-16</subfield>
    <subfield code="l">0</subfield>
    <subfield code="o">268.432 PUL</subfield>
    <subfield code="p">013375</subfield>
    <subfield code="r">2025-05-01 00:00:00</subfield>
    <subfield code="t">v.7 c.6</subfield>
    <subfield code="w">2018-07-16</subfield>
    <subfield code="y">BK</subfield>
  </datafield>
  <datafield tag="952" ind1=" " ind2=" ">
    <subfield code="0">0</subfield>
    <subfield code="1">0</subfield>
    <subfield code="2">ddc</subfield>
    <subfield code="4">0</subfield>
    <subfield code="7">0</subfield>
    <subfield code="a">GBC</subfield>
    <subfield code="b">GBC</subfield>
    <subfield code="c">MNMS</subfield>
    <subfield code="d">2018-07-16</subfield>
    <subfield code="l">1</subfield>
    <subfield code="o">268.432 PUL</subfield>
    <subfield code="p">013376</subfield>
    <subfield code="r">2025-05-01 00:00:00</subfield>
    <subfield code="s">2022-07-25</subfield>
    <subfield code="t">v.7 c.7</subfield>
    <subfield code="w">2018-07-16</subfield>
    <subfield code="y">BK</subfield>
  </datafield>
  <datafield tag="952" ind1=" " ind2=" ">
    <subfield code="0">0</subfield>
    <subfield code="1">0</subfield>
    <subfield code="2">ddc</subfield>
    <subfield code="4">0</subfield>
    <subfield code="7">0</subfield>
    <subfield code="a">GBC</subfield>
    <subfield code="b">GBC</subfield>
    <subfield code="c">MNMS</subfield>
    <subfield code="d">2018-07-16</subfield>
    <subfield code="l">0</subfield>
    <subfield code="o">268.432 PUL</subfield>
    <subfield code="p">013377</subfield>
    <subfield code="r">2025-05-01 00:00:00</subfield>
    <subfield code="t">v.7 c.8</subfield>
    <subfield code="w">2018-07-16</subfield>
    <subfield code="y">BK</subfield>
  </datafield>
</record>
